000 00612cam a22002174a 4500
001 12721707
003 OSt
005 20241108111620.0
008 020327s2003 njua 001 0 eng
020 _a9780130927361
040 _c.
050 0 0 _aQA76.76.O63
_bA366 2003
082 0 0 _a005.4/32
_221
100 1 _aAfzal, Amir.
245 1 0 _aUNIX unbounded :
_ba beginning approach /
_cAmir Afzal.
250 _a4th ed.
260 _aUpper Saddle River, N.J. :
_bPrentice Hall,
_cc2003.
300 _axviii, 494 p. :
_bcol. ill. ;
_c28 cm.
650 0 _aOperating systems (Computers)
942 _2lcc
_cBK
_n0
_e4th Ed.
999 _c859
_d859